[Event "45th Olympiad 2024"]
[Site "Budapest HUN"]
[Date "2024.09.16"]
[Round "6.28"]
[Board "2"]
[White "Ammar, Sedrani"]
[Black "Blomqvist, Erik"]
[Result "1-0"]
[WhiteElo "2226"]
[BlackElo "2491"]
[PlyCount "139"]
[EventDate "2024.09.11"]
[WhiteTeam "United Arab Emirates"]
[BlackTeam "Sweden"]
[WhiteTeamCountry "UAE"]
[BlackTeamCountry "SWE"]

1. d4 Nf6 2. c4 e6 3. Nf3 d5 4. g3 Bb4+ 5. Bd2 a5 6. Bg2 O-O 7. O-O dxc4 8. Qc2 Bxd2 9. Nbxd2 b5 10. a4 c6 11. Rfd1 ({RR} 11. b3 cxb3 12. Nxb3 Ba6 13. Rfc1 bxa4 14. Nc5 Bb5 15. Nxa4 Nbd7 16. Nc3 Nd5 17. Qb2 Nxc3 18. Rxc3 a4 19. e3 Qa5 20. Nd2 Rfb8 21. Qc1 h6 22. Nc4 Qd8 23. Na3 Ra7 24. Rb1 Nf6 25. Rc5 Rab7 {1-0 Andreikin,D (2729)-Le,Q (2709) Chess.com Rapid Wk9 Swiss 2022 (3)}) ({RR} 11. e4 Na6 12. e5 Nb4 13. Qd1 Nfd5 14. Ne4 h6 15. Qe2 bxa4 16. Rfb1 Ba6 17. Qd1 Bb5 18. Bf1 Rb8 19. Ra3 Nd3 20. Nd6 Qb6 21. Nxc4 Bxc4 22. Bxd3 Bb3 23. Qe2 Nb4 24. Raa1 Rfd8 25. Be4 Qb5 {0-1 Le Thanh Tu (2092)-Sargsyan,A (2364) Olympiad Women 2024 (4.8)}) ({RR} 11. b3 cxb3 12. Nxb3 Ba6 13. Ne5 bxa4 14. Rxa4 Bb5 15. Ra3 a4 16. Qb2 Qd6 17. Nc5 Nbd7 18. Rc1 Nxc5 19. Rxc5 Nd7 20. Nxd7 Qxd7 21. e3 Ra6 22. Qc3 Rb8 23. h4 h6 {½-½ Sirosh,I (2390)-Blomqvist,E (2523) Puhajarve rap op 20th rapid 2019 (21)}) 11... Qe7 $146 ({RR} 11... Na6 12. Ne5 Nb4 13. Nxc6 Nxc2 14. Nxd8 Nxa1 15. Bxa8 Rxd8 16. Rxa1 b4 17. e3 Ba6 18. Bc6 Rc8 19. Bb5 Bxb5 20. axb5 Nd5 21. Rxa5 c3 22. bxc3 bxc3 23. Nb3 c2 24. Nc1 h5 25. Kf1 Rb8 26. Ke1 {1-0 Tarini,G (2164)-Pereira,J (2197) Titled Tuesday intern op 4th Aug 2pm blitz 2020 (5)}) ({RR} 11... Ba6 12. e4 Nbd7 13. b3 cxb3 14. Qxc6 b2 15. Rab1 Nb6 16. e5 Rc8 17. Qxc8 Bxc8 18. exf6 Nxa4 19. fxg7 Kxg7 20. Re1 Bb7 21. Bf1 b4 22. Bd3 Bd5 23. Bc2 b3 24. Bd3 Nc3 25. Rxb2 a4 26. Bc4 {0-1 Kranz,A (2089)-Ciolek,A (2224) TCh-AUT 2023-24 (6.5)}) 12. e4 Na6 13. Ne5 Bb7 14. Qc3 Rfc8 15. axb5 cxb5 16. Rxa5 b4 17. Qc2 c3 18. Ndc4 cxb2 19. Qxb2 Nc7 20. Rc5 Rd8 21. Re1 Rac8 22. Na5 Na6 23. Nac6 Bxc6 24. Nxc6 Qxc5 25. dxc5 Rxc6 26. Bf1 Rb8 27. Bxa6 Rxa6 28. Qe5 Rb7 29. Rd1 h6 30. Rb1 Rc6 31. Qd4 b3 32. Qd8+ Kh7 33. Qd3 Nd7 34. e5+ g6 35. Qf3 Nxe5 36. Qe4 Rb5 37. Qxe5 Rcxc5 38. Qf6 Rf5 39. Qc3 Rfc5 40. Qf3 Rf5 41. Qc6 h5 42. Kg2 b2 43. Qc2 Rfc5 44. Qe2 Re5 45. Qf3 Rf5 46. Qa3 Rb8 47. Rxb2 Rxb2 48. Qxb2 g5 49. h3 g4 50. hxg4 hxg4 51. Qd4 Rg5 52. Qf6 Rg7 53. Kf1 Kg8 54. Qd8+ Kh7 55. Qf8 Kg6 56. Ke2 Kf6 57. Qd8+ Kf5 58. Qe7 Kg6 59. Ke3 Kf5 60. Qf8 Kf6 61. Kf4 Rg6 62. Qd8+ Kg7 63. Ke5 Rh6 64. Kd6 Rf6 65. Ke7 Rf5 66. Qd4+ Kh6 67. Kf8 e5 68. Qe4 Kg5 69. Kg7 f6 70. Qe3+ 1-0

[Event "45th Olympiad 2024"]
[Site "Budapest HUN"]
[Date "2024.09.16"]
[Round "6.29"]
[Board "2"]
[White "Karsten, Jan"]
[Black "Nogerbek, Kazybek"]
[Result "0-1"]
[WhiteElo "2311"]
[BlackElo "2519"]
[PlyCount "40"]
[EventDate "2024.09.11"]
[WhiteTeam "South Africa"]
[BlackTeam "Kazakhstan"]
[WhiteTeamCountry "RSA"]
[BlackTeamCountry "KAZ"]

1. e4 e5 2. Nf3 Nc6 3. Bb5 a6 4. Ba4 Nf6 5. O-O Be7 6. Re1 b5 7. Bb3 O-O 8. a4 d5 9. axb5 dxe4 10. bxc6 exf3 11. Qxf3 e4 12. Qg3 ({RR} 12. Qe3 Ng4 13. Qxe4 Bc5 14. d4 Bxd4 15. Re2 Be6 16. Nd2 Nxf2 17. Rxf2 Re8 18. Qf4 Bxb3 19. cxb3 Re1+ 20. Nf1 Bxf2+ 21. Qxf2 Qd1 22. Bd2 Rxf1+ 23. Qxf1 Qxd2 24. Qf2 Qd5 25. Qc2 Qd4+ 26. Kh1 Rd8 {½-½ Vachier Lagrave,M (2731)-Dubov,D (2710) World Blitz 2023 (15.3)}) ({RR} 12. Qe2 Bd6 13. h3 Re8 14. Ra5 Rb8 15. Bc4 Bb4 16. Ra4 Re5 17. d4 Rh5 18. c3 Bd6 19. Qe3 Qe8 20. Nd2 Qxc6 21. b3 Bh2+ 22. Kh1 Ng4 23. Qe2 e3 24. Qf3 Qg6 25. fxe3 Bd6 26. e4 Nh2 {1-0 Asprelli,G (2233)-Villarreal,A (2292) 99th ch-ARG Semi-Final 2024 (9.4)}) 12... Ng4 13. Rxe4 $146 ({RR} 13. h3 Bh4 14. Qf4 Bxf2+ 15. Kh1 Bxe1 16. hxg4 {0-1 Stachanczyk,J (2124)-Wafa,H (2178) Titled Tue 18th Jul Late 2023 (4)}) ({RR} 13. d4 Bh4 14. Qc3 Bxf2+ 15. Kh1 Qh4 {0-1 Krzywda,A (2210)-Wafa,H (2211) Titled Tue 19th Sep Early 2023 (10)}) 13... Bh4 14. Qf4 Bxf2+ 15. Kh1 Bc5 16. d4 Bd6 17. Qf3 Qh4 18. Kg1 Qxh2+ 19. Kf1 Qh1+ 20. Ke2 Qxc1 0-1

[Event "45th Olympiad 2024"]
[Site "Budapest HUN"]
[Date "2024.09.16"]
[Round "6.30"]
[Board "2"]
[White "Makoto, Rodwell"]
[Black "Meshkovs, Nikita"]
[Result "1-0"]
[WhiteElo "2311"]
[BlackElo "2534"]
[PlyCount "133"]
[EventDate "2024.09.11"]
[WhiteTeam "Zimbabwe"]
[BlackTeam "Latvia"]
[WhiteTeamCountry "ZIM"]
[BlackTeamCountry "LAT"]

1. Nf3 Nf6 2. g3 d5 3. Bg2 e6 4. O-O Be7 5. c4 O-O 6. d4 dxc4 7. Qc2 b5 8. a4 b4 9. Nfd2 Nd5 10. Nxc4 c5 11. dxc5 Ba6 12. b3 ({RR} 12. Ne3 Nd7 13. Nxd5 exd5 14. c6 Rc8 15. Bf4 Nc5 16. Rd1 d4 17. h4 h6 18. Bf3 Re8 19. Nd2 d3 20. exd3 Bxd3 21. Qc1 Bf8 22. Re1 Qf6 23. Rxe8 Rxe8 24. c7 Rc8 25. Qe1 Bd6 26. Bxd6 Qxd6 {1-0 Firouzja,A (2804)-Nihal,S (2662) Wch Rapid Warsaw 2021 (5)}) ({RR} 12. Nbd2 Bxc5 13. Nb3 Nd7 14. Nxc5 Nxc5 15. Ne3 Rc8 16. Rd1 b3 17. Qd2 Qf6 18. Nxd5 exd5 19. Ra3 Rfe8 20. Bf3 h6 21. Kg2 Bc4 22. Ra1 Rcd8 23. a5 a6 24. h4 d4 25. Ra3 d3 26. e3 Qe5 {0-1 Gloser,D (2306)-Kostka,V (2206) TCh-CZE 1 Liga Vychod 2023 (6.4)}) 12... Nc6 $146 ({RR} 12... Bxc5 13. Nbd2 Nd7 14. Ne4 Rc8 15. Rd1 Qe7 16. Bb2 N7b6 17. Nxc5 Qxc5 18. Rd4 Bxc4 19. Rh4 h6 20. bxc4 Nc3 21. Bxc3 bxc3 22. Qxc3 Rfd8 23. Rg4 e5 24. Qf3 Rd4 25. Bh3 Rxg4 26. Bxg4 Rd8 27. Qb7 {½-½ Goncalves,S (2033)-Polaczek,R (2337) Portuguese Top League 2023 (5.4)}) ({RR} 12... Qc7 13. Bb2 Nd7 14. e4 N5f6 15. Nbd2 Rac8 16. Rad1 Nxc5 17. Be5 Qc6 18. Bxf6 gxf6 19. e5 Qc7 20. exf6 Bxf6 21. Rfe1 Bc3 22. Ne4 Bxc4 23. bxc4 Bg7 24. Ng5 Rfd8 25. Qxh7+ Kf8 26. h4 b3 27. h5 {0-1 Atakhan,A (2294)-Dubov,D (2710) Titled Arena Mar 6th blitz 2021}) 13. Bb2 Bxc5 14. Rd1 Qe7 15. Nbd2 f5 16. e3 Rac8 17. Nf3 Nb6 18. Nfe5 Nxe5 19. Nxe5 Bb7 20. Qe2 Bxg2 21. Kxg2 Qb7+ 22. Qf3 Nd5 23. Kg1 Rc7 24. Nc4 Nc3 25. Qxb7 Rxb7 26. Rd3 Be7 27. Kg2 Rd8 28. Rxd8+ Bxd8 29. Rc1 Bf6 30. Nd6 Rb6 31. Nb5 Nxb5 32. Bxf6 gxf6 33. axb5 Rxb5 34. Rc8+ Kf7 35. Rc7+ Kg6 36. Rxa7 e5 37. Kf3 h5 38. h4 Rb8 39. Rc7 Rb6 40. Ke2 e4 41. Rc4 Rb8 42. f3 exf3+ 43. Kxf3 Rb5 44. Kf4 Kf7 45. Rc7+ Kg6 46. Rd7 Kh6 47. Kf3 Kg6 48. Ke2 Rb8 49. Rd5 Rb7 50. Kf3 Re7 51. Rb5 Re4 52. Rb7 Kh6 53. Rd7 Re5 54. Rb7 Re4 55. Rb5 Kg6 56. Kf2 Rg4 57. Rd5 Re4 58. Rd4 Kf7 59. Kf3 Rxd4 60. exd4 Ke7 61. Kf4 Ke6 62. d5+ Kxd5 63. Kxf5 Kd4 64. g4 hxg4 65. Kxg4 Ke4 66. h5 f5+ 67. Kh3 1-0

[Event "45th Olympiad 2024"]
[Site "Budapest HUN"]
[Date "2024.09.16"]
[Round "6.31"]
[Board "1"]
[White "Miguel, Sergio"]
[Black "Garcia Pantoja, Roberto"]
[Result "0-1"]
[WhiteElo "2241"]
[BlackElo "2550"]
[PlyCount "64"]
[EventDate "2024.09.11"]
[WhiteTeam "Angola"]
[BlackTeam "Colombia"]
[WhiteTeamCountry "ANG"]
[BlackTeamCountry "COL"]

1. e4 c5 2. Nf3 d6 3. Bb5+ Bd7 4. Bxd7+ Qxd7 5. O-O Nc6 6. c3 d5 7. exd5 Qxd5 8. d4 e6 9. Qa4 ({RR} 9. dxc5 Qxd1 10. Rxd1 Bxc5 11. Nbd2 O-O-O 12. b4 Be7 13. Bb2 Nf6 14. b5 Nb8 15. c4 Nbd7 16. Nb3 Nc5 17. Bd4 Na4 18. Ne5 Rhf8 19. Bxa7 Ne4 20. Be3 Bf6 21. f4 g5 22. Rxd8+ Rxd8 23. Re1 Bxe5 {½-½ Anand,V (2751)-Caruana,F (2786) Warsaw Superbet Classic Blitz 2022 (16.2)}) ({RR} 9. dxc5 Qxd1 10. Rxd1 Bxc5 11. Bf4 Nf6 12. Nbd2 O-O 13. b4 Be7 14. Nc4 Nd5 15. Bd2 Bf6 16. Rac1 Rfd8 17. b5 Nce7 18. Na5 b6 19. Nb3 Bxc3 20. Bxc3 Nxc3 21. Rxd8+ Rxd8 22. Nfd4 Nxa2 23. Rc7 Nf5 {1-0 Garcia Pantoja,R (2526)-Cardozo,S (1911) Ibague Blitz op 2022 (9)}) 9... Nf6 10. c4 ({RR} 10. Rd1 Rd8 11. Na3 Be7 12. Be3 O-O 13. dxc5 Qh5 14. b4 Nd5 15. Rd3 Qg6 16. Rad1 Nf4 17. Bxf4 Rxd3 18. Nd4 Rxd1+ 19. Qxd1 Rd8 20. Qe1 Nxd4 21. cxd4 Rxd4 22. Be3 Rd8 23. Nc4 Qc2 24. Nd2 Bf6 {0-1 Zakin,I (2235)-Krivka,M (1917) 32nd EY Open U14 2024 (1.15)}) 10... Qd7 11. Be3 $146 ({RR} 11. dxc5 Bxc5 12. Nc3 O-O 13. Bg5 Qc7 14. Rac1 Ng4 15. Bh4 f5 16. h3 Nge5 17. Nxe5 Nxe5 18. Nb5 Qc6 19. b4 Ng6 20. Bg5 h6 21. Nc3 Qxa4 22. Nxa4 Bxb4 23. Be3 Rfc8 24. c5 b5 25. Rb1 bxa4 {½-½ Bernadskiy,V (2561)-Matuszewski,M (2408) Krakow op-A 24th 2013 (8)}) ({RR} 11. dxc5 Bxc5 12. Rd1 Qc7 13. Qb5 Qb6 {½-½ Loyen,E (2189)-Bee,M (2143) Ruhrgebiet Regionalliga 1819 2018 (7.1)}) 11... cxd4 12. Nxd4 Bc5 13. Nf5 Bxe3 14. Nxe3 O-O 15. Nc3 Qc7 16. Rac1 Ne5 17. Nb5 Qc6 18. Rfd1 a6 19. Nc3 Qc7 20. c5 Qxc5 21. Ncd5 Qb5 22. Nxf6+ gxf6 23. Qh4 Kg7 24. Ng4 Nxg4 25. Qxg4+ Qg5 26. Qf3 b5 27. Rc6 Rfd8 28. g3 a5 29. b3 Qf5 30. Qe2 Rac8 31. Rxd8 Rxd8 32. Qc2 Qf3 0-1

[Event "45th Olympiad 2024"]
[Site "Budapest HUN"]
[Date "2024.09.16"]
[Round "6.31"]
[Board "2"]
[White "Cardoso Cardoso, Jose Gabriel"]
[Black "Silva, David"]
[Result "1-0"]
[WhiteElo "2508"]
[BlackElo "2363"]
[PlyCount "57"]
[EventDate "2024.09.11"]
[WhiteTeam "Colombia"]
[BlackTeam "Angola"]
[WhiteTeamCountry "COL"]
[BlackTeamCountry "ANG"]

1. e4 c5 2. Nf3 Nc6 3. d4 cxd4 4. Nxd4 e5 5. Nb5 d6 6. c4 Be7 7. Be2 Be6 8. Be3 a6 9. N5c3 Bg5 10. Qd2 ({RR} 10. O-O Bxe3 11. fxe3 Nf6 12. Na3 O-O 13. Qd2 Rc8 14. Rad1 Qb6 15. Nc2 Ne7 16. b3 Rfd8 17. Bd3 Qc5 18. a4 Qb6 19. h3 Nd7 20. Rb1 a5 21. Ne1 Nc5 22. Bc2 Nc6 23. Nf3 Nb4 24. Rf2 Rf8 {½-½ Short,N (2665)-Van der Wiel,J (2540) Tilburg 1988}) ({RR} 10. Nd5 Bxe3 11. Nxe3 Nge7 12. Nc3 Nd4 13. O-O O-O 14. Bd3 Rc8 15. Rc1 h6 16. a3 Qa5 17. Ne2 Nxe2+ 18. Bxe2 Rfd8 19. Bg4 Bxg4 20. Qxg4 b5 21. cxb5 Qxb5 22. Rxc8 Rxc8 23. Nd5 Re8 24. Nc7 Qc6 {1-0 Lei,T (2548)-Cramling,P (2449) 12th Norway Armageddon w 2024 (2.2)}) 10... Bxe3 11. Qxe3 Nd4 12. Na3 Nf6 $146 ({RR} 12... Ne7 13. O-O Qb6 14. Rab1 O-O 15. b4 Rac8 16. Rfc1 a5 17. Bf1 axb4 18. Nc2 Qa5 19. Nxb4 Bxc4 20. Bxc4 Rxc4 21. Ncd5 Nxd5 22. Nxd5 Rxc1+ 23. Rxc1 Qxa2 24. Kh1 Qe2 25. Rb1 Qxe3 26. fxe3 Ne6 27. Ne7+ {0-1 Eberth,Z (2235)-Kiss,P (2440) Miskolc Avas op 1998 (2)}) ({RR} 12... Ne7 13. Bd3 O-O 14. O-O Rc8 15. Kh1 Qb6 16. Rab1 f5 17. f4 fxe4 18. Nxe4 Nef5 19. Qd2 exf4 20. Rxf4 d5 21. cxd5 Bxd5 22. Nc3 Bc6 23. Rbf1 g6 24. Qf2 Qd8 25. Nc2 Nxc2 26. Bxc2 Qg5 27. Bxf5 {0-1 Sambueza,E-Mareco,S (2162) Najdorf U26 qual op 2003 (4.7)}) 13. O-O Rc8 14. Rfd1 Qb6 15. Rd2 O-O 16. h3 Rfd8 17. Rad1 Qc5 18. Bf1 Qb4 19. Ne2 Nxe2+ 20. Bxe2 h6 21. Bf1 b5 22. cxb5 Bxa2 23. bxa6 Bb3 24. Re1 Nxe4 25. Rd3 Nc5 26. Rc3 Be6 27. a7 d5 28. a8=Q d4 29. Qxe5 1-0

[Event "45th Olympiad 2024"]
[Site "Budapest HUN"]
[Date "2024.09.16"]
[Round "6.32"]
[Board "1"]
[White "Mwali, Chitumbo"]
[Black "Fawzy, Adham"]
[Result "0-1"]
[WhiteElo "2312"]
[BlackElo "2507"]
[PlyCount "104"]
[EventDate "2024.09.11"]
[WhiteTeam "Zambia"]
[BlackTeam "Egypt"]
[WhiteTeamCountry "ZAM"]
[BlackTeamCountry "EGY"]

1. c4 e5 2. g3 Nf6 3. Bg2 d5 4. cxd5 Nxd5 5. Nf3 Nc6 6. O-O Nb6 7. d3 Be7 8. a3 a5 9. b3 Be6 10. Bb2 f6 11. Nbd2 O-O 12. Rc1 Qd7 13. Qc2 Rfd8 14. Rfd1 Qe8 15. e3 $146 ({RR} 15. Nc4 Qf8 16. Nfd2 Nxc4 17. Nxc4 Nd4 18. Bxd4 exd4 19. Bxb7 Ra7 20. Bf3 Bxa3 21. Rb1 Bb4 22. e3 Bc3 23. Qe2 Bf7 24. Be4 Qc5 25. Rdc1 Ra6 26. exd4 Bxd4 27. Ne3 Qe5 28. Nf5 Be6 29. Ne7+ Kf8 {1-0 Nguyen,N (2417)-Anka,E (2432) Budapest FS10 GM 2003 (5)}) ({RR} 15. Qb1 Qf7 16. Rc3 Bf8 17. e3 Rd7 18. h4 Rad8 19. Ne4 h6 20. Ned2 Nc8 21. Ne1 N8a7 22. Qc1 Bg4 23. f3 Be6 24. Nc4 Nb5 25. Rc2 Nd6 26. Kh2 Nf5 27. Bh3 h5 28. Rg2 b5 29. Bxf5 Bxf5 {0-1 Haldorsen,B (2477)-Gumularz,S (2515) Paleochora op 14th 2021 (8)}) ({RR} 15. Qb1 Qf7 16. Nc4 Rac8 17. Nfd2 Bd5 18. Bxd5 Qxd5 19. Nf3 Nd4 20. Bxd4 exd4 21. Qb2 Qc5 22. b4 axb4 23. axb4 Qxb4 24. Qxb4 Bxb4 25. Nxb6 cxb6 26. Rxc8 Rxc8 27. Nxd4 Kf7 28. Rb1 Ba5 29. Kg2 g6 {1-0 Webster,A (2405)-Quinn,M (2305) Lloyds Bank op 18th 1994 (10)}) 15... Qf7 16. d4 exd4 17. Nxd4 Nxd4 18. Bxd4 Bxa3 19. Ra1 Bb4 20. Bxb7 Rab8 21. Be4 f5 22. Bc6 h6 23. Rab1 f4 24. gxf4 Rxd4 25. exd4 Nd5 26. Nf1 Nc3 27. Ng3 Nxb1 28. Rxb1 Qxf4 29. Be4 Rf8 30. Rd1 Bg4 31. Rd3 h5 32. h3 Be6 33. Rf3 Qg5 34. h4 Qxh4 35. Rxf8+ Bxf8 36. d5 Bg4 37. Qxc7 Qg5 38. d6 Qe5 39. Bg6 Bxd6 40. Qf7+ Kh8 41. Bxh5 Qe6 42. Kg2 Kh7 43. Qb7 Bh3+ 44. Kh2 Bf5 45. Bf7 Qh6+ 46. Kg1 Bxg3 47. fxg3 Qe3+ 48. Kh2 Be4 49. Qc7 Qf2+ 50. Kh3 Bg2+ 51. Kg4 Qf3+ 52. Kh4 Qf6+ 0-1

[Event "45th Olympiad 2024"]
[Site "Budapest HUN"]
[Date "2024.09.16"]
[Round "6.32"]
[Board "3"]
[White "Mulenga, Prince Daniel"]
[Black "Wafa, Hamed"]
[Result "1/2-1/2"]
[WhiteElo "2184"]
[BlackElo "2368"]
[PlyCount "120"]
[EventDate "2024.09.11"]
[WhiteTeam "Zambia"]
[BlackTeam "Egypt"]
[WhiteTeamCountry "ZAM"]
[BlackTeamCountry "EGY"]

1. Nf3 c5 2. c4 Nf6 3. Nc3 Nc6 4. e3 e6 5. d4 cxd4 6. exd4 d5 7. Bd3 Be7 8. O-O O-O 9. a3 dxc4 10. Bxc4 Nd5 11. Qd3 ({RR} 11. Bxd5 exd5 12. Qb3 Bf6 13. Nxd5 Nxd4 14. Nxf6+ Qxf6 15. Nxd4 Qxd4 16. Be3 Qe4 17. Rac1 Be6 18. Qc2 Bd5 19. Qxe4 Bxe4 20. Rfd1 Bc6 21. Bc5 Rfe8 22. Re1 a5 23. f3 f6 24. Kf2 Kf7 25. Rxe8 Rxe8 {½-½ Horvath,D (2501)-Esipenko,A (2680) TCh-AUT 2022-23 (3.6)}) ({RR} 11. Ne4 a6 12. Ba2 b5 13. Re1 Bb7 14. Nc5 Rb8 15. Nxb7 Rxb7 16. Qd3 h6 17. Bb1 Nf6 18. Be3 Bd6 19. h3 Ne7 20. Nd2 Ned5 21. Ne4 Rb8 22. Bc2 Nxe4 23. Qxe4 Nf6 24. Qd3 Rc8 25. Rad1 Bb8 {0-1 Bil,A (1957)-Garcia,E (1675) IV Niteroi Chess Open 2024 (1.41)}) 11... Nxc3 12. bxc3 b6 13. h4 $146 ({RR} 13. Bb3 Bb7 14. Bf4 Rc8 15. Rfe1 Na5 16. Bc2 g6 17. Bh6 Re8 18. Ba4 Bc6 19. Bxc6 Nxc6 20. Ne5 Nxe5 21. Rxe5 Bd6 22. Re3 Qc7 23. g3 Qc4 24. Qe4 Qb3 25. Qf3 Bf8 26. Bf4 Red8 27. h4 Qb2 {0-1 Ojeda,J (2128)-Rios,C (2465) COL-chT Ibague 2018 (2.1)}) ({RR} 13. Qe4 Bb7 14. Bd3 g6 15. Bh6 Re8 16. Rfe1 Rc8 17. Qg4 Bf6 18. h4 Bg7 19. Bxg7 Kxg7 20. h5 Ne7 21. Ne5 Nf5 22. Rac1 Qf6 23. a4 Rc7 24. Qf4 g5 25. Qh2 Nh6 26. Bb1 Rec8 27. Qh3 Ba6 {0-1 Vrana,F (2245)-Zeberski,J (2360) Litomysl op 13th 2011 (3)}) 13... Bb7 14. Ng5 g6 15. Re1 Bf6 16. Bf4 Ne7 17. Ba2 Rc8 18. Rac1 Nd5 19. Bd2 Qc7 20. Re4 Ne7 21. Rg4 h5 22. Ne4 Bg7 23. Rg5 Nf5 24. g4 hxg4 25. h5 Qc6 26. Re1 Nh6 27. d5 Qd7 28. c4 exd5 29. cxd5 Nf5 30. hxg6 fxg6 31. Rxg6 Nh4 32. d6+ Kh8 33. Be6 Qc6 34. Rxg4 Nf3+ 35. Kg2 Nxe1+ 36. Bxe1 Rf6 37. Bxc8 Bxc8 38. Rh4+ Kg8 39. f3 Rg6+ 40. Bg3 Be5 41. Nf6+ Kf7 42. Ne4 Bf5 43. Qb3+ Kg7 44. Kh2 Rxg3 45. Nxg3 Qxd6 46. f4 Qd2+ 47. Kh1 Be4+ 48. Nxe4 Qe1+ 49. Kg2 Qxh4 50. Qg3+ Qxg3+ 51. Kxg3 Bb2 52. a4 Kf8 53. Kf3 Ke7 54. f5 Kd7 55. Ke3 Be5 56. Kd3 a6 57. Kc4 Kc6 58. Nd2 b5+ 59. axb5+ axb5+ 60. Kb3 Bf6 1/2-1/2

[Event "45th Olympiad 2024"]
[Site "Budapest HUN"]
[Date "2024.09.16"]
[Round "6.32"]
[Board "4"]
[White "Sadek, Sameh"]
[Black "Kaoma, Micheal"]
[Result "1-0"]
[WhiteElo "2269"]
[BlackElo "2161"]
[PlyCount "67"]
[EventDate "2024.09.11"]
[WhiteTeam "Egypt"]
[BlackTeam "Zambia"]
[WhiteTeamCountry "EGY"]
[BlackTeamCountry "ZAM"]

1. d4 d5 2. c4 e6 3. Nf3 Nf6 4. Nbd2 c5 5. e3 Nc6 6. a3 ({RR} 6. cxd5 Nxd5 7. dxc5 Bxc5 8. a3 O-O 9. Qc2 Be7 10. Be2 Bd7 11. O-O Rc8 12. Qe4 f5 13. Qb1 Kh8 14. Nc4 Qc7 15. Rd1 b5 16. Ncd2 b4 17. Nc4 bxa3 18. Nxa3 Na5 19. Nd4 Qb6 20. Bd2 Nb3 {½-½ Smyslov,V (2530)-Sveshnikov,E (2525) Interpolis Tilburg 1992 (4.5)}) 6... Be7 $146 ({RR} 6... cxd4 7. exd4 Bd6 8. c5 Bc7 9. b4 e5 10. dxe5 Nxe5 11. Bb2 Qe7 12. Bb5+ Nc6+ 13. Be2 O-O 14. O-O Ne4 15. Re1 Bg4 16. Nf1 Rad8 17. Nd4 Qf6 18. f3 Be5 19. fxe4 Bxe2 20. Rxe2 Bxd4+ 21. Bxd4 {0-1 Swiderski,R-Cohn,E Ostend Masters 1907 (16)}) ({RR} 6... Bd6 7. Be2 O-O 8. O-O b6 9. cxd5 exd5 10. Re1 Bd7 11. Nf1 c4 12. Bd2 Ne4 13. Bc3 b5 14. N3d2 f5 15. f4 Qe7 16. Nxe4 fxe4 17. Bg4 Bxg4 18. Qxg4 Rf6 19. Ng3 Raf8 20. Rf1 Qf7 21. Rad1 {0-1 Reinke,M (1864)-Mueller,W (1980) Schleswig-Holstein-ch Kandidaten 2018 (2)}) ({RR} 6... a5 7. Bd3 Be7 8. O-O O-O 9. cxd5 exd5 10. dxc5 Bxc5 11. b3 d4 12. e4 Re8 13. Bb2 Nd7 14. Bb5 Nde5 15. Nxe5 Rxe5 16. f4 Re6 17. Bd3 b6 18. Nf3 Rh6 19. Kh1 Bg4 20. h3 Qd7 21. Qc2 {1-0 Bosiocic,M (2308)-Radulovic,B (2150) CRO-ch U17 Rabac 2004 (7)}) 7. dxc5 dxc4 8. Bxc4 Bxc5 9. b4 Be7 10. Bb2 O-O 11. O-O Bd7 12. e4 a6 13. e5 Nd5 14. Ne4 Nb6 15. Bd3 Na7 16. Bb1 Ba4 17. Qc1 Nd5 18. Nc5 Bxc5 19. Qxc5 Qb6 20. Qc4 Qd8 21. Qe4 g6 22. Ba2 Nb5 23. Rac1 Nbc7 24. Qg4 Rc8 25. Ng5 Kg7 26. Ne4 Qe7 27. Bd4 b6 28. Nf6 h6 29. Bxd5 exd5 30. e6 Qxe6 31. Nxd5+ Kh7 32. Nf6+ Kg7 33. Rxc7 Rxc7 34. Ne8+ 1-0

[Event "45th Olympiad 2024"]
[Site "Budapest HUN"]
[Date "2024.09.16"]
[Round "6.33"]
[Board "1"]
[White "Dardha, Daniel"]
[Black "Santos Flores, Alberto"]
[Result "1-0"]
[WhiteElo "2603"]
[BlackElo "2168"]
[PlyCount "63"]
[EventDate "2024.09.11"]
[WhiteTeam "Belgium"]
[BlackTeam "Ecuador"]
[WhiteTeamCountry "BEL"]
[BlackTeamCountry "ECU"]

1. c4 c6 2. Nf3 d5 3. e3 Nf6 4. d4 a6 5. Nc3 b5 6. b3 Bg4 7. h3 Bxf3 8. Qxf3 e5 9. dxe5 Bb4 10. Bd2 Bxc3 11. Bxc3 Ne4 12. Bb4 bxc4 13. bxc4 ({RR} 13. Qg4 c5 14. f3 cxb4 15. fxe4 O-O 16. exd5 cxb3 17. Qd4 Nd7 18. axb3 Qg5 19. Qf4 Qg6 20. Qg4 Qh6 21. Qf4 Qg6 22. Qg4 Qh6 23. Qf4 {½-½ Grischuk,A (2736)-Aronian,L (2781) WchT 7th Bursa 2010 (7.1)}) ({RR} 13. Bxc4 Qb6 14. a3 a5 15. Bd6 Nxd6 16. exd6 O-O 17. Bd3 Qxb3 18. Qd1 Qc3+ 19. Kf1 Qf6 20. g3 Qxd6 21. Kg2 Nd7 22. Rc1 Ne5 23. Bc2 Qxa3 24. Bxh7+ Kxh7 25. Qh5+ Kg8 26. Qxe5 Ra6 27. Rhd1 Qb4 {1-0 Basko,B (2179)-Mestnikov,A (2077) Titled Tue 10th Sep Late 2024 (8)}) 13... Qb6 14. Rb1 a5 15. cxd5 cxd5 $146 ({RR} 15... Nc3 16. e6 Ra7 17. Bxc3 Qxb1+ 18. Qd1 Qxd1+ 19. Kxd1 cxd5 20. Bxg7 Rg8 21. Bb5+ Ke7 22. Bd4 Rb7 23. exf7 Rxg2 24. a4 Rxf2 25. Rg1 Rxf7 26. Rg5 Kd6 27. Rh5 Rbe7 28. Rh6+ Re6 29. Bc5+ Ke5 30. Bd4+ {½-½ Bujisho,B (2418)-Friess,N (2246) FRA-ch Accession 2010 (9)}) 16. Bc4 Qc6 17. e6 Nf6 18. Ba3 Qxc4 19. Rc1 Qa6 20. exf7+ Kxf7 21. Rc7+ Kg8 22. Qf5 g6 23. Qe5 Nbd7 24. Rxd7 Nxd7 25. Qxd5+ Kg7 26. Qxd7+ Kh6 27. g4 Qc4 28. f4 Qc3+ 29. Kf2 Qc2+ 30. Kg3 g5 31. fxg5+ Kg6 32. Rc1 1-0

[Event "45th Olympiad 2024"]
[Site "Budapest HUN"]
[Date "2024.09.16"]
[Round "6.34"]
[Board "1"]
[White "Bagheri, Amir"]
[Black "Galaviz Medina, Sion Radamantys"]
[Result "0-1"]
[WhiteElo "2372"]
[BlackElo "2488"]
[PlyCount "102"]
[EventDate "2024.09.11"]
[WhiteTeam "Monaco"]
[BlackTeam "Mexico"]
[WhiteTeamCountry "MNC"]
[BlackTeamCountry "MEX"]

1. d4 Nf6 2. Nf3 e6 3. Bf4 c5 4. e3 d5 5. Nbd2 Nc6 6. Bb5 Bd6 7. dxc5 Bxc5 8. c4 O-O 9. O-O a6 ({RR} 9... Bd7 10. Rc1 dxc4 11. Bxc4 Bb6 12. Nb3 {½-½ Bagheri,A (2350)-Michaelides,K (2292) EU Small Countries ol 7th 2021 (7.5)}) 10. Ba4 Nb4 $146 ({RR} 10... Bd7 11. Rc1 Be7 12. cxd5 Nxd5 13. Bg3 Ncb4 14. Bxd7 Qxd7 15. Ne5 Qd8 16. a3 Nc6 17. Nxc6 bxc6 18. Rxc6 Bf6 19. Qc2 a5 20. e4 Ne7 21. Rc4 Bd4 22. Nf3 Bb6 23. Rd1 Qe8 24. Bd6 Rd8 25. b3 {1-0 Bharath,S (2561)-Jeet,J (2301) Titled Tue 10th Sep Early 2024 (1)}) ({RR} 10... Bd7 11. Rc1 Be7 12. Bc2 Rc8 13. Bb1 Re8 14. h3 h6 15. Ne5 Nxe5 16. Bxe5 Bc6 17. Qc2 g6 18. Rfd1 Bd6 19. Qc3 Bxe5 20. Qxe5 Qe7 21. Nf3 dxc4 22. Nd4 Bd7 23. Ne2 Rc5 24. Qf4 Rg5 25. Qxc4 {0-1 Rosen,E (2361)-Kochiev,I (2051) Titled Tue 27th Feb Early 2024 (8)}) 11. Nb3 Be7 12. c5 Ne4 13. a3 Nc6 14. Rc1 Bd7 15. Nfd2 g5 16. Bg3 Nxg3 17. hxg3 Bf6 18. Qc2 Bg7 19. Qb1 f5 20. Nf3 Qf6 21. Rfd1 Rad8 22. Rd2 Be8 23. Qc2 Bh5 24. Bxc6 bxc6 25. Na5 Rc8 26. Nb7 Rb8 27. Na5 Be8 28. b4 e5 29. Qd1 h5 30. Qe2 g4 31. Nh4 Bh6 32. Qxa6 f4 33. Re1 Bg5 34. exf4 exf4 35. Rde2 fxg3 36. fxg3 Bxh4 37. gxh4 Qxh4 38. Rf1 Rxf1+ 39. Kxf1 g3 40. Ke1 Qf4 41. Nb3 h4 42. Qd3 Bh5 43. Qe3 Rf8 44. Qxf4 Rxf4 45. Re5 Bg4 46. Re3 Rf2 47. Re5 Kf7 48. Rg5 Rf4 49. Nc1 Re4+ 50. Kd2 h3 51. gxh3 g2 0-1